000 01355nam a2200325 c 4500
003 BLK
005 20180422102017.0
008 180408b bul|||||r ||||||| ||bul||
010 _aKNG00060556000
040 _aBLK
041 _aBUL
_cBUL
080 _aМатематика
_b51
_x(075.3)
_z51(075.3)
100 1 _aПаскалев, Георги
_eпърви автор
_gИванов, Георги Паскалев
_9364651
139 _aПаскалев, Георги
_bП 25
245 1 0 _aКонкурсни задачи по математика за постъпване във ВУЗ
_b1945 - 1986 г. : Сборник
_cГеорги Паскалев.
250 _a2. изд.
257 _aBGR
260 София
_bНаука и изкуство
_c1987
_fВраца : печ. В. Александров
300 _a428 с.
_bс черт.
_c23 см
380 _a5
500 _aПълното име на авт. е Георги Паскалев Иванов. - 1. изд. 1983. СПЕЦ. ФОНД - Ч
650 4 _aМатематика - задачи - учебни помагала
_9241584
653 _aматематика
653 _aучебни помагала
852 _aЦб 147983
856 4 _qpdf
_u
856 4 _qpdf
_u
942 _cKNG
_n0
944 _aCR
_c13.06.2004
_kНаталия_Медовщикова
944 _aED
_c23.04.2009
_k
999 _c56574
_d56574